000 00320 a2200109 4500
001 ART_46789
005 20260410162000.0
008 260409a
245 1 0 _aExperiencias de planificación
100 1 _aParadiso, José
773 0 _tArchivos del presente
_g- Año 16, Nº 57/58 (ene. 2012)
_wREV28180
999 _c31175
_d31175